LDR 01151nam a2200253 4500 001 000000366554 003 CaOOAMICUS 005 20260220122053.0 008 260220s2026 it 000 u ita r 020 $a978-88-430-8196-7$cRist. 2026 040 $aSeMil$bita 100 1 $aAlbertin, Andrea,$c
.$0(OLS)http://semarc/name/81838 245 10$aPaolo di Tarso: le lettere :$bchiavi di lettura /$cAndrea Albertin. 264 1$aRoma :$bCarocci,$c2026. 300 $a191 p. ;$c21 cm 490 1 $aQuality paperbacks ;$v480 650 04$aBibbia. Nuovo Testamento. Lettere di Paolo - Commentari, studi, critica, interpretazioni.$0(OLS)http://semarc/subject/935 830 0$aQuality paperbacks ;$v480.$0(OLS)http://semarc/title/421161 850 $aSeMil 852 $aSeMil$W1$xVenegono$y1$m2V III 151$j267428$B257308$CSeMilBibl$Z2$F257308 $81 996 $6020$a978-88-430-8196-7$cRist. 2026$9(OLS)http://semarc/number/305369 996 $6245$aPaolo di Tarso: le lettere :$bchiavi di lettura$9(OLS)http://semarc/title/458303 996 $6264$aRoma :$bCarocci$9(OLS)http://semarc/publisher/31977